Private short term capital flows (Record no. 25546)

MARC details
000 -LEADER
fixed length control field 00331nam a2200121Ia 4500
082 ## - DEWEY DECIMAL CLASSIFICATION NUMBER
Classification number 336.648
Item number LAF
100 ## - MAIN ENTRY--AUTHOR NAME
Personal name LAFFER, Arthur B
245 #0 - TITLE STATEMENT
Title Private short term capital flows
260 ## - PUBLICATION, DISTRIBUTION, ETC. (IMPRINT)
Place of publication New York
Name of publisher Marcel Dekker
Year of publication 1975
490 ## - SERIES STATEMENT
Series statement Business economics and finance
942 ## - ADDED ENTRY ELEMENTS (KOHA)
Koha item type Books
Holdings
Withdrawn status Lost status Damaged status Not for loan Home library Current library Date acquired Full call number Accession Number Koha item type
        RRII Library RRII Library 16/12/2021 336.648 LAF 06203 Books